000 00609nam a2200229 i 4500
001 C2-0092593
003 PPAK
005 20180727092759.0
008 970513s1984 enka|||| ||||| | eng d
020 _a0435865919
040 _aPPAK
_beng
_cPPAK
_erda
082 0 4 _a796
_223
090 0 0 _a796
_bSLE
_dG
100 1 _aSleap, Mike,
_eauthor
245 1 0 _aMini sport
264 1 _aLondon :
_bHeinemann Educational Books ,
_c1984
300 _axiii, 210 pages :
_billustrations ;
_c25 cm
336 _2rdacontent
_atext
337 _2rdamedia
_aunmediated
338 _2rdacarrier
_avolume
942 _ddc
_cB
999 _c19816
_d19816